[Event "Barcelona La Lira op 14th"]
[Site "Barcelona"]
[Date "2023.05.25"]
[Round "6"]
[White "Vila Sero, Claudia"]
[Black "Sanchez Lopez, Juan Manuel"]
[Result "0-1"]
[WhiteElo "1356"]
[BlackElo "2014"]
[PlyCount "92"]
[EventDate "2023.04.20"]
[EventType "swiss"]
[EventRounds "9"]
[EventCountry "ESP"]
[SourceTitle "EXT 2024"]
[Source "ChessBase"]
[SourceDate "2023.10.10"]
[SourceVersion "1"]
[SourceVersionDate "2023.10.10"]
[SourceQuality "1"]

1. d4 Nf6 2. Nf3 b6 3. Bf4 Bb7 4. e3 g6 5. Nbd2 Bg7 6. Be2 d6 7. 0-0 0-0 8. h3 Nbd7 9. c3 Re8 10. Nc4 Nd5 11. Bg5 h6 12. e4 Nxc3 13. bxc3 hxg5 14. Nxg5 e5 15. Bg4 Qxg5 16. Bxd7 Re7 17. Bg4 f5 18. exf5 gxf5 19. f4 Qg6 20. Bf3 e4 21. Bh5 Qg3 22. Qe1 Qxe1 23. Rfxe1 Bh6 24. g3 Rg7 25. Kh2 Rf8 26. Ne3 Kh7 27. c4 Re7 28. Rac1 Bg7 29. d5 Bd4 30. Rcd1 Bc5 31. Nc2 c6 32. dxc6 Bxc6 33. Nd4 Ba4 34. Nb3 Bb4 35. Re2 Kh6 36. g4 fxg4 37. Bxg4 Rxf4 38. Rd5 e3 39. Nd4 Rxd4 40. Rxd4 Bc5 41. Rd5 Bc6 42. Rh5+ Kg6 43. Rf5 Be4 44. Rf4 d5 45. cxd5 Bd6 46. Kg3 Rf7 0-1